Contabilidade pública : (Record no. 860)

MARC details
000 -LÍDER
Campo Fixo de Controle 00967nam a2200277 a 4500
001 - NÚMERO DE CONTROLE
Campo de Controle 860
003 - IDENTIFICAÇÃO DO NÚMERO DE CONTROLE
Campo de Controle BR-CuiBMT
005 - DATA E HORA DA ÚLTIMA ATUALIZAÇÃO
Campo de Controle 20231121203656.0
008 - DADOS FIXOS
Dados Fixos 231113s2004 spba 000 0 por d
020 ## - INTERNATIONAL STANDARD BOOK NUMBER
Nº do ISBN 8522438617
040 ## - AGÊNCIA CATALOGADORA
Código da Agência Catalogadora BR-CuiBMT
Agência que transcreveu o registro BR-CuiBMT
080 ## - Nº DA CLASSIFICAÇÃO DECIMAL UNIVERSAL
Nº Class. CDU 657:336.13
Nº edição CDU 2007
090 ## - NÚMERO DE CHAMADA
Nº classificação 657:336.13
Cutter P676c
Ano/Edição 8. ed.
100 1# - ENTRADA PRINCIPAL -- AUTOR PESSOAL
Nome pessoal Piscitelli, Roberto Bocaccio,
Datas associadas ao nome 1946-
245 10 - TÍTULO PRINCIPAL
Título principal Contabilidade pública :
Subtítulo uma abordagem da administração financeira pública /
Indicação de responsabilidade Roberto Bocaccio Piscitelli ; Maria Zulene Farias Timbó ; Maria Berenice Rosa.
250 ## - EDIÇÃO
Edição 8. ed., rev., ampl. e atual.
260 ## - PUBLICAÇÃO, DISTRIBUIÇÃO, ETC.
Local de publicação São Paulo :
Editora Atlas,
Data 2004.
300 ## - DESCRIÇÃO FÍSICA
N. páginas ou volumes 440 p. :
Ilustrações il. color. ;
Dimensões 24 cm
504 ## - NOTA DE BIBLIOGRAFIA, ETC.
Nota de bibliografia Inclui bibliografia.
650 ## - ASSUNTO TÓPICO
Cabeçalho tópico ou nome geográfico Contabilidade pública
Subdivisão geográfica Brasil
650 ## - ASSUNTO TÓPICO
Cabeçalho tópico ou nome geográfico Finanças públicas
Subdivisão geral Contabilidade
650 ## - ASSUNTO TÓPICO
Cabeçalho tópico ou nome geográfico Administração financeira
Subdivisão geográfica Brasil
700 1# - ENTRADA SECUNDÁRIA -- NOME PESSOAL
Nome pessoal Timbó, Maria Zulene Farias
700 1# - ENTRADA SECUNDÁRIA -- NOME PESSOAL
Nome pessoal Rosa, Maria Berenice
942 ## - ELEMENTOS DE ENTRADA ADICIONAIS (KOHA)
Fonte de classificação ou esquema de arquivamento Classificação Decimal Universal
Tipo de item do Koha Livros
Holdings
Estado: removido Estado: perdido Fonte de classificação ou esquema de arquivamento Estado: danificado Indisponível para empréstimo Localização permanente Localização atual Data de aquisição Total Checkouts Número de Chamada completo Código de barras Date last seen Número do exemplar Preço efetivo a partir de Tipo de item (Koha)
    Classificação Decimal Universal     Biblioteca da Escola Superior de Contas do TCE/MT Biblioteca da Escola Superior de Contas do TCE/MT 21/11/2023   657:336.13 P676c 8. ed. BIBTCEMT23110802 21/11/2023 Ex. 1 21/11/2023 Livros

Powered by Koha